| 000 | 00472nam a2200181Ia 4500 | ||
|---|---|---|---|
| 008 | 151202s9999||||xx |||||||||||||| ||und|| | ||
| 082 | _bPNVM-72077 | ||
| 100 | _aKOM MARY M.C. | ||
| 245 | _aUNBREAKABLE:AN AUTOBIOGRAPHY. | ||
| 260 | _bHARPER COLLINS PUBLISHER. | ||
| 260 | _c72077 | ||
| 300 | _a155 | ||
| 600 | _aKOM MARY M.C. | ||
| 630 | _aUNBREAKABLE:AN AUTOBIOGRAPHY. | ||
| 700 | _aKOM MARY M.C. | ||
| 730 | _aUNBREAKABLE:AN AUTOBIOGRAPHY. | ||
| 942 | _cBOOK | ||
| 999 |
_c1338745 _d1338742 |
||